000 00298nam a22001337a 4500
008 181030b xxu||||| |||| 00| 0 eng d
020 _a9780792354734
041 _aeng
080 _a101
100 _a24
101 _aFIL
245 _aDescartes on the Human Soul
_cFowler, C.F
942 _2udc
_cBK
999 _c51124
_d51124